Jas plánuje zvyšovať odbyt : Orientácia na východ prioritou

Podrobná bibliografia
Hlavný autor: (Lúč-lu) (Author)
Médium: Článok
Jazyk:Slovak
Témy:
Zdroj: 1. Lúč 1. Roč. 5, č. 256(1996), dát. 961102, s. [1]
LEADER 00771nab#a2200313#ar4500
001 000040331
003 SVKKK
005 00000000000000.0
008 c xo e sloo
FMT
038 |a SVKKK 
040 |a SVKKK  |b slo  |e AACR2 
041 0 |a slo 
044 |a xo  |c SK 
080 |a 685.  |2 1981 
100 0 |a (Lúč-lu)  |4 aut 
245 1 0 |a Jas plánuje zvyšovať odbyt :  |b Orientácia na východ prioritou  |c (Lúč-lu) , 
650 0 4 |a Jas, a.s., Bardejov  |x hodnotenia  |x perspektívy  |x informácie 
773 0 |t Lúč  |g Roč. 5, č. 256(1996), dát. 961102, s. [1] 
957 |a Bardejov 
958 |a BJ 
958 |a NP 
958 |a RE 
958 |a SV 
974 |d 970716  |a KAJ 
992 |a RBX 
BAS
852 |a SVKKK  |b BIB 
998 |a REG